Datum a čas kvízu
28.5
Celkem bodů
Celkový počet nahraných bodů na tomto kvízu bez doplňovacích otázek.
7.
Pořadí na kvízu
Konečné umístění týmu na tomto kvízu.
Zaznamenané odpovědi
| # | Otázka | Odpověď | Body | Výsledky |
|---|---|---|---|---|
| 1. | Vedení ČSSD zařadilo na čtvrté... | Petr Benda | 0 | |
| 2. | Minulý týden byly zveřejněny v... | Německo | 0 | |
| 3. | Minulý týden se udílely ceny B... | Černobyl | 0 | |
| 4. | Další z tradičních výrobců fot... | Kodak | 0 | |
| 5. | V italském mimořádně obtížném... | Zdeněk Štybar | 1 | |
| 6. | V tomto tématu se blíže podívá... | C | 1 | |
| 7. | Tato mapa vyznačuje jistý kult... | Laponsko | 1 | |
| 8. | Jak se nazývá ostrov ležící 30... | Utøya | 0 | |
| 9. | Tento Švéd se v poslední době... | Epidemiolog. | 1 | |
| 10. | Tato běžkyně na lyžích se s ka... | Marit Bjørgenová | 1 |